[Event "35th European Club Cup 2019"]
[Site "Ulcinj"]
[Date "2019.11.16"]
[Round "7.1"]
[White "Kalezic, Blazo"]
[Black "Leenhouts, Koen"]
[Result "1/2-1/2"]
[WhiteElo "2455"]
[BlackElo "2424"]
[Annotator "ChessBase"]
[PlyCount "88"]
[EventDate "2019.11.10"]
[EventType "team-tourn"]
[EventCountry "MNE"]
[SourceTitle "playchess.com"]
[Source "ChessBase"]
[SourceQuality "1"]
[WhiteTeam "Buducnost"]
[BlackTeam "HWP Sas van Gent"]
[TimeControl "40/5400+30:1800+30"]

1. e4 {[%emt 0:00:00]} e5 {[%emt 0:00:00]} 2. Nf3 {[%emt 0:00:06]} Nc6 {[%emt 0:00:00]} 3. Bb5 {[%emt 0:00:22]} a6 {[%emt 0:00:00]} 4. Ba4 {[%emt 0:00:30]} Nf6 {[%emt 0:00:09]} 5. O-O {[%emt 0:00:00]} Be7 {[%emt 0:00:12]} 6. Re1 {[%emt 0:00:03]} b5 {[%emt 0:00:11]} 7. Bb3 {[%emt 0:00:08]} d6 {[%emt 0:00:10]} 8. a4 {[%emt 0:00:30]} Bd7 {[%emt 0:00:30]} 9. c3 {[%emt 0:04:56]} O-O {[%emt 0:00:09]} 10. h3 {[%emt 0:05:03]} Re8 {[%emt 0:03:22]} 11. Ng5 {[%emt 0:05:13]} Rf8 12. Nf3 {[%emt 0:00:07]} Re8 {[%emt 0:01:14]} 13. d3 {[%emt 0:00:00]} h6 {[%emt 0:02:12]} 14. Nbd2 Bf8 15. Nf1 Na5 16. Bc2 {[%emt 0:02:43]} c5 {[%emt 0:10:30]} 17. Ng3 {[%emt 0:00:30]} Rb8 {[%emt 0:00:30]} 18. axb5 {[%emt 0:02:44]} axb5 {[%emt 0:11:44]} 19. d4 {[%emt 0:00:30]} Qc7 {[%emt 0:19:40]} 20. d5 {[%emt 0:14:45]} b4 {[%emt 0:00:03]} 21. cxb4 {[%emt 0:04:36]} cxb4 {[%emt 0:00:30]} 22. Bd3 {[%emt 0:00:18]} Rec8 {[%emt 0:04:27]} 23. Be3 {[%emt 0:02:18]} Nc4 {[%emt 0:04:53]} 24. Qe2 {[%emt 0:03:04]} Nxe3 25. Qxe3 {[%emt 0:00:30]} Qc5 {[%emt 0:06:07]} 26. Qe2 {[%emt 0:01:16]} Bb5 {[%emt 0:00:30]} 27. Red1 {[%emt 0:00:30]} g6 {[%emt 0:00:30]} 28. Ne1 {[%emt 0:00:30]} h5 {[%emt 0:15:37]} 29. Rac1 {[%emt 0:14:41]} Bxd3 {[%emt 0:00:30]} 30. Nxd3 {[%emt 0:00:19]} Qb5 {[%emt 0:04:02]} 31. Qf3 {[%emt 0:22:14]} Bg7 {[%emt 0:03:41]} 32. h4 {[%emt 0:00:30]} Ng4 {[%emt 0:00:30]} 33. Rxc8+ {[%emt 0:00:30]} Rxc8 {[%emt 0:00:30]} 34. Ra1 {[%emt 0:02:18]} Qb7 {[%emt 0:12:00]} 35. Nf1 {[%emt 0:02:35]} Bh6 {[%emt 0:00:51]} 36. Nh2 {[%emt 0:02:39]} Nxh2 {[%emt 0:00:30]} 37. Kxh2 {[%emt 0:00:02]} Kg7 {[%emt 0:00:42]} 38. g4 {[%emt 0:00:30]} hxg4 {[%emt 0:00:30]} 39. Qxg4 {[%emt 0:02:46]} Rc4 {[%emt 0:01:37]} 40. Rg1 {[%emt 0:00:00]} Rd4 {[%emt 0:00:00]} 41. Rg3 Qb5 42. Qf3 {[%emt 0:14:04]} Qc4 {[%emt 0:03:21]} 43. h5 {[%emt 0:03:19]} Qb3 {[%emt 0:12:42]} 44. Qf5 {[%emt 0:00:30]} Rxd3 {[%emt 0:01:55]} 1/2-1/2

[Event "35th European Club Cup 2019"]
[Site "Ulcinj"]
[Date "2019.11.16"]
[Round "7.1"]
[White "Schmidek, Emil"]
[Black "Hammer, Jon Ludvig"]
[Result "1/2-1/2"]
[WhiteElo "2394"]
[BlackElo "2625"]
[Annotator "ChessBase"]
[PlyCount "76"]
[EventDate "2019.11.10"]
[EventType "team-tourn"]
[EventCountry "MNE"]
[SourceTitle "playchess.com"]
[Source "ChessBase"]
[SourceQuality "1"]
[WhiteTeam "Berlin"]
[BlackTeam "Koge SK"]
[TimeControl "40/5400+30:1800+30"]

1. e4 {[%emt 0:00:00]} e5 {[%emt 0:00:00]} 2. Nf3 {[%emt 0:00:00]} Nf6 {[%emt 0:00:00]} 3. Nxe5 {[%emt 0:00:52]} d6 {[%emt 0:00:00]} 4. Nf3 {[%emt 0:00:03]} Nxe4 {[%emt 0:00:04]} 5. Nc3 {[%emt 0:00:02]} Nxc3 {[%emt 0:00:14]} 6. dxc3 {[%emt 0:00:03]} Be7 {[%emt 0:00:13]} 7. Be3 {[%emt 0:00:03]} O-O {[%emt 0:00:13]} 8. Qd2 {[%emt 0:00:03]} Nd7 {[%emt 0:00:12]} 9. O-O-O {[%emt 0:00:27]} Ne5 {[%emt 0:00:16]} 10. Be2 {[%emt 0:08:55]} Ng4 {[%emt 0:00:36]} 11. Kb1 {[%emt 0:03:26]} Nxe3 {[%emt 0:29:36]} 12. Qxe3 {[%emt 0:00:10]} c6 {[%emt 0:00:28]} 13. h4 {[%emt 0:01:04]} Bf6 {[%emt 0:27:50]} 14. Qd3 {[%emt 0:36:07]} Re8 {[%emt 0:06:26]} 15. Ng5 {[%emt 0:08:26]} g6 {[%emt 0:00:24]} 16. f4 {[%emt 0:00:15]} Bf5 {[%emt 0:05:47]} 17. Qd2 {[%emt 0:00:14]} Qb6 {[%emt 0:00:53]} 18. g4 {[%emt 0:08:10]} Re3 {[%emt 0:11:29]} 19. Ka1 {[%emt 0:06:12]} Rae8 {[%emt 0:08:57]} 20. Bc4 {[%emt 0:11:04]} d5 {[%emt 0:00:01]} 21. gxf5 {[%emt 0:00:49]} dxc4 {[%emt 0:00:01]} 22. fxg6 {[%emt 0:01:07]} hxg6 {[%emt 0:00:01]} 23. h5 {[%emt 0:00:47]} Rd8 {[%emt 0:03:17]} 24. Qh2 {[%emt 0:05:18]} Rxd1+ {[%emt 0:00:06]} 25. Rxd1 {[%emt 0:00:01]} Qc7 {[%emt 0:00:21]} 26. hxg6 {[%emt 0:02:12]} fxg6 {[%emt 0:00:01]} 27. Qh6 {[%emt 0:03:49]} Qg7 {[%emt 0:01:23]} 28. Qxg7+ {[%emt 0:00:19]} Kxg7 {[%emt 0:00:37]} 29. a4 {[%emt 0:00:10]} Bxg5 {[%emt 0:04:19]} 30. fxg5 {[%emt 0:00:02]} Kf7 {[%emt 0:00:09]} 31. Rd7+ {[%emt 0:00:32]} Re7 {[%emt 0:00:01]} 32. Rd6 {[%emt 0:00:07]} Re5 {[%emt 0:00:54]} 33. Rd7+ {[%emt 0:00:09]} Re7 {[%emt 0:00:04]} 34. Rd6 {[%emt 0:00:04]} a5 {[%emt 0:00:34]} 35. Rf6+ {[%emt 0:03:12]} Kg7 {[%emt 0:00:06]} 36. Rd6 {[%emt 0:00:03]} Kf7 {[%emt 0:00:07]} 37. Rf6+ {[%emt 0:00:15]} Kg7 {[%emt 0:00:02]} 38. Rd6 {[%emt 0:00:14]} Kf7 1/2-1/2

[Event "35th European Club Cup 2019"]
[Site "Ulcinj"]
[Date "2019.11.16"]
[Round "7.2"]
[White "Andreikin, Dmitry"]
[Black "Adams, Michael"]
[Result "1/2-1/2"]
[WhiteElo "2733"]
[BlackElo "2692"]
[Annotator "TA"]
[PlyCount "60"]
[EventDate "2019.11.10"]
[EventType "team-tourn"]
[EventCountry "MNE"]
[SourceTitle "playchess.com"]
[Source "ChessBase"]
[SourceQuality "1"]
[WhiteTeam "Alkaloid"]
[BlackTeam "Padova"]

{[%evp 9,60,4,12,8,15,7,15,17,18,10,15,10,8,0,6,6,8,8,0,0,18,10,9,0,11,0,0,0,0,0,0,0,0,0,0,0,0,0,0,0,0,0,0,0,0,0,0,0,0,0,0,0,0]} 1. d4 Nf6 2. c4 e6 3. Nf3 d5 4. Bg5 Be7 5. e3 O-O {The position is equal.} 6. Qc2 {D30: Queen's Gambit Declined: Systems without Nc3} c5 (6... Nbd7 7. Nc3 h6 8. Bxf6 Nxf6 9. O-O-O c5 10. dxc5 Qa5 11. Kb1 Bxc5 12. cxd5 exd5 13. Nxd5 Nxd5 14. Rxd5 b6 15. Bc4 Bb7 16. Rd7 Bc6 17. Rxf7 Rxf7 18. Bxf7+ Kxf7 {½-½ (61) Mamedyarov,S (2817)-Sarana,A (2630) chess.com INT 2019}) 7. dxc5 Qa5+ 8. Nbd2 $146 ({Predecessor:} 8. Nc3 dxc4 9. Bxc4 Qxc5 10. Qe2 Bd7 11. O-O Bc6 12. e4 {1-0 (48) Sukhareva,E (2268)-Nasybullina,A (2076) St Petersburg 2012}) 8... Qxc5 9. Rc1 h6 10. Bh4 Bd7 11. cxd5 (11. a3 {is more complex.} Rc8 12. Bd3 Qa5 13. Qb1 dxc4 14. Bxc4 Bc6 15. O-O) 11... Qxc2 12. Rxc2 Nxd5 13. Bxe7 Nxe7 14. Ne5 Rc8 15. Rxc8+ Nxc8 16. g3 Nd6 17. Bg2 Bb5 18. Ne4 Nxe4 19. Bxe4 Nd7 20. Nxd7 ({Of course not} 20. Bxb7 Rb8 $17) 20... Bxd7 $11 {[%mdl 4096] Endgame KRB-KRB} 21. Kd2 Rd8 {[#] White must now prevent ...Bc6+.} 22. Kc3 Rc8+ 23. Kd2 Kf8 24. Rc1 Rxc1 25. Kxc1 {KB-KB} b6 26. f4 Ke7 27. Kd2 Kd6 28. a3 f6 29. Bg2 Bb5 30. Kc3 Kc5 {Accuracy: White = 78%, Black = 67%.} 1/2-1/2

[Event "35th European Club Cup 2019"]
[Site "Ulcinj"]
[Date "2019.11.16"]
[Round "7.2"]
[White "Banusz, Tamas"]
[Black "Polzin, Rainer"]
[Result "1-0"]
[WhiteElo "2620"]
[BlackElo "2411"]
[Annotator "ChessBase"]
[PlyCount "49"]
[EventDate "2019.11.10"]
[EventType "team-tourn"]
[EventCountry "MNE"]
[SourceTitle "playchess.com"]
[Source "ChessBase"]
[SourceQuality "1"]
[WhiteTeam "Koge SK"]
[BlackTeam "Berlin"]
[TimeControl "40/5400+30:1800+30"]

1. Nf3 {[%emt 0:00:00]} Nf6 {[%emt 0:00:00]} 2. c4 {[%emt 0:00:00]} g6 {[%emt 0:02:23]} 3. g3 {[%emt 0:00:00]} Bg7 {[%emt 0:01:05]} 4. Bg2 {[%emt 0:00:00]} O-O {[%emt 0:02:48]} 5. O-O {[%emt 0:00:00]} c5 {[%emt 0:00:11]} 6. Nc3 {[%emt 0:00:23]} Nc6 {[%emt 0:00:29]} 7. d4 {[%emt 0:00:12]} d5 {[%emt 0:00:33]} 8. dxc5 {[%emt 0:07:08]} dxc4 {[%emt 0:00:17]} 9. Qa4 {[%emt 0:02:35]} Qa5 {[%emt 0:00:26]} 10. Qxa5 {[%emt 0:02:29]} Nxa5 {[%emt 0:00:03]} 11. Be3 {[%emt 0:01:36]} Rd8 {[%emt 0:16:56]} 12. Rfd1 {[%emt 0:05:51]} Be6 {[%emt 0:07:27]} 13. Nd4 {[%emt 0:15:56]} Bd5 {[%emt 0:07:09]} 14. b4 {[%emt 0:03:27]} cxb3 {[%emt 0:19:03]} 15. axb3 {[%emt 0:03:35]} Nxb3 {[%emt 0:02:24]} 16. Nxd5 {[%emt 0:08:51]} Nxa1 {[%emt 0:04:58]} 17. Nxe7+ {[%emt 0:01:44]} Kf8 {[%emt 0:00:36]} 18. Rxa1 {[%emt 0:00:14]} Ng4 {[%emt 0:10:22]} 19. Nd5 {[%emt 0:05:40]} Rac8 {[%emt 0:15:18]} 20. Rc1 {[%emt 0:04:25]} Nxe3 {[%emt 0:00:09]} 21. fxe3 {[%emt 0:00:06]} b6 {[%emt 0:04:16]} 22. c6 {[%emt 0:01:19]} Rd6 {[%emt 0:01:25]} 23. c7 {[%emt 0:00:49]} Bxd4 {[%emt 0:00:52]} 24. exd4 {[%emt 0:00:06]} f5 {[%emt 0:00:42]} 25. e4 {[%emt 0:00:41]} 1-0

[Event "35th European Club Cup 2019"]
[Site "Ulcinj"]
[Date "2019.11.16"]
[Round "7.2"]
[White "Krivonosov, Oleg"]
[Black "Burg, Twan"]
[Result "1/2-1/2"]
[WhiteElo "2404"]
[BlackElo "2536"]
[Annotator "ChessBase"]
[PlyCount "75"]
[EventDate "2019.11.10"]
[EventType "team-tourn"]
[EventCountry "MNE"]
[SourceTitle "playchess.com"]
[Source "ChessBase"]
[SourceQuality "1"]
[WhiteTeam "MRU-ROSK Consulting"]
[BlackTeam "Echiquier Mosan"]
[TimeControl "40/5400+30:1800+30"]

1. Nf3 f5 2. g3 g6 3. d4 Nf6 4. Bg2 b6 5. b3 Bb7 6. c4 Bg7 7. Bb2 e6 8. O-O O-O 9. Nc3 Na6 10. Ne1 Ne4 11. Nxe4 fxe4 12. f3 c5 13. Nc2 exf3 14. exf3 Qe7 15. Qe2 cxd4 16. Bxd4 Bxd4+ 17. Nxd4 Qc5 18. Qf2 Nc7 19. Rad1 Rad8 20. Nc2 e5 21. Qxc5 bxc5 22. Rd6 Kf7 23. f4 Bxg2 24. Kxg2 exf4 25. Rxf4+ Ke7 26. Rxf8 Rxf8 27. Rd3 Rf6 28. Re3+ Kd6 29. h4 a5 30. Na3 h5 31. Nb1 Kc6 32. Nd2 Rd6 33. Nf3 Rf6 34. Ne5+ Kd6 35. Nd3 Kc6 36. Ne5+ Kd6 37. Nd3 Kc6 38. Ne5+ 1/2-1/2

[Event "35th European Club Cup 2019"]
[Site "Ulcinj"]
[Date "2019.11.16"]
[Round "7.2"]
[White "Cardon, Helmut"]
[Black "Sukovic, Andrej"]
[Result "1-0"]
[WhiteElo "2398"]
[BlackElo "2254"]
[Annotator "NA"]
[PlyCount "96"]
[EventDate "2019.11.10"]
[EventType "team-tourn"]
[EventCountry "MNE"]
[SourceTitle "playchess.com"]
[Source "ChessBase"]
[SourceQuality "1"]
[WhiteTeam "HWP Sas van Gent"]
[BlackTeam "Buducnost"]
[TimeControl "40/5400+30:1800+30"]

1. d4 Nf6 2. c4 g6 3. Nc3 Bg7 4. e4 d6 5. Be2 O-O 6. Bg5 h6 7. Be3 Nbd7 8. Qc2 a6 9. Nf3 c5 10. Rd1 cxd4 11. Nxd4 Ne5 12. O-O Qc7 13. h3 Nc6 14. Nb3 Na5 15. Nd2 Be6 16. Rc1 Rac8 17. Qb1 Qd8 18. Nd5 Nd7 19. Nf4 Nc6 20. Nxe6 fxe6 21. Nb3 e5 22. Rfd1 Qe8 23. c5 Nxc5 24. Nxc5 dxc5 25. Rxc5 Nd4 26. Bc4+ Kh7 27. Rxc8 Qxc8 28. Rc1 Qd7 29. a3 Rc8 30. Kh1 Rc6 31. Bd5 Rxc1+ 32. Qxc1 e6 33. Ba2 Ne2 34. Qc2 Nd4 35. Qc4 b5 36. Qc5 Ne2 37. Qc2 Nd4 38. Qd1 Qc6 39. Qd3 Qc2 40. Qxc2 Nxc2 41. Bc5 Nd4 42. Kg1 Bf6 43. Kf1 Kg7 44. Bxd4 exd4 45. Bxe6 a5 46. f4 g5 47. g3 gxf4 48. gxf4 d3 1-0

[Event "35th European Club Cup 2019"]
[Site "Ulcinj"]
[Date "2019.11.16"]
[Round "7.3"]
[White "Leko, Peter"]
[Black "Shankland, Sam"]
[Result "1/2-1/2"]
[WhiteElo "2666"]
[BlackElo "2679"]
[Annotator "ChessBase"]
[PlyCount "62"]
[EventDate "2019.11.10"]
[EventType "team-tourn"]
[EventCountry "MNE"]
[SourceTitle "playchess.com"]
[Source "ChessBase"]
[SourceQuality "1"]
[WhiteTeam "Padova"]
[BlackTeam "Alkaloid"]
[TimeControl "40/5400+30:1800+30"]

1. Nf3 {[%emt 0:00:58]} d5 {[%emt 0:01:45]} 2. d4 {[%emt 0:01:53]} Nf6 {[%emt 0:00:16]} 3. c4 {[%emt 0:00:08]} e6 {[%emt 0:00:38]} 4. g3 {[%emt 0:03:09]} Bb4+ {[%emt 0:00:14]} 5. Bd2 {[%emt 0:00:18]} Be7 {[%emt 0:00:03]} 6. Bg2 {[%emt 0:00:18]} O-O {[%emt 0:00:35]} 7. O-O {[%emt 0:00:25]} c6 {[%emt 0:00:09]} 8. Qc2 {[%emt 0:00:28]} a5 {[%emt 0:02:54]} 9. Rd1 {[%emt 0:07:40]} Nbd7 {[%emt 0:00:21]} 10. Bf4 {[%emt 0:04:17]} b5 {[%emt 0:01:47]} 11. c5 {[%emt 0:28:21]} Nh5 {[%emt 0:00:08]} 12. Bd2 {[%emt 0:07:27]} f5 {[%emt 0:00:58]} 13. a3 {[%emt 0:07:06]} g5 {[%emt 0:06:08]} 14. Bc3 {[%emt 0:05:07]} Ng7 {[%emt 0:16:38]} 15. b4 {[%emt 0:03:11]} a4 {[%emt 0:00:46]} 16. e3 {[%emt 0:04:03]} h5 {[%emt 0:02:26]} 17. Bb2 {[%emt 0:02:30]} h4 {[%emt 0:04:12]} 18. Nc3 {[%emt 0:00:05]} Qe8 {[%emt 0:01:16]} 19. Ne2 {[%emt 0:01:40]} Qh5 {[%emt 0:04:46]} 20. Ne5 {[%emt 0:02:13]} Nxe5 {[%emt 0:00:28]} 21. dxe5 {[%emt 0:00:01]} Qh6 {[%emt 0:09:52]} 22. f4 {[%emt 0:03:52]} Nh5 {[%emt 0:01:56]} 23. Bf3 {[%emt 0:00:51]} Rf7 {[%emt 0:05:40]} 24. Kf2 {[%emt 0:08:50]} Bd7 {[%emt 0:06:51]} 25. Rg1 {[%emt 0:00:33]} g4 {[%emt 0:01:17]} 26. Bg2 {[%emt 0:00:36]} Rh7 {[%emt 0:00:14]} 27. Bf1 {[%emt 0:01:45]} Kf7 {[%emt 0:01:00]} 28. Ke1 {[%emt 0:00:55]} Rah8 {[%emt 0:00:43]} 29. Kd2 {[%emt 0:00:37]} Qf8 {[%emt 0:00:32]} 30. Bd4 {[%emt 0:01:14]} Ng7 {[%emt 0:00:53]} 31. Bg2 {[%emt 0:00:56]} hxg3 {[%emt 0:02:50]} 1/2-1/2

[Event "35th European Club Cup 2019"]
[Site "Ulcinj"]
[Date "2019.11.16"]
[Round "7.3"]
[White "Djukic, Nikola"]
[Black "Verstraeten, Rein"]
[Result "1-0"]
[WhiteElo "2507"]
[BlackElo "2379"]
[Annotator "ChessBase"]
[PlyCount "53"]
[EventDate "2019.11.10"]
[EventType "team-tourn"]
[EventCountry "MNE"]
[SourceTitle "playchess.com"]
[Source "ChessBase"]
[SourceQuality "1"]
[WhiteTeam "Buducnost"]
[BlackTeam "HWP Sas van Gent"]
[TimeControl "40/5400+30:1800+30"]

1. e4 {[%emt 0:00:00]} c5 {[%emt 0:00:00]} 2. Nf3 {[%emt 0:00:00]} d6 {[%emt 0:00:00]} 3. d4 {[%emt 0:00:00]} Nf6 {[%emt 0:00:00]} 4. Nc3 {[%emt 0:00:00]} cxd4 {[%emt 0:00:05]} 5. Nxd4 {[%emt 0:00:00]} a6 {[%emt 0:00:12]} 6. h3 {[%emt 0:00:08]} e5 {[%emt 0:00:30]} 7. Nf3 {[%emt 0:00:11]} Nbd7 {[%emt 0:00:00]} 8. a4 {[%emt 0:02:14]} Qc7 {[%emt 0:00:14]} 9. Bg5 {[%emt 0:00:45]} h6 {[%emt 0:00:25]} 10. Bh4 {[%emt 0:00:53]} b6 {[%emt 0:06:07]} 11. Nd2 {[%emt 0:06:46]} Bb7 {[%emt 0:00:42]} 12. Bd3 {[%emt 0:01:12]} Be7 {[%emt 0:04:19]} 13. O-O {[%emt 0:04:40]} O-O {[%emt 0:01:08]} 14. Nc4 {[%emt 0:02:12]} Rfe8 {[%emt 0:15:48]} 15. Ne3 {[%emt 0:01:23]} Bc6 {[%emt 0:07:17]} 16. Bc4 {[%emt 0:10:46]} Qb7 {[%emt 0:01:59]} 17. Ncd5 {[%emt 0:11:42]} Bxd5 {[%emt 0:07:51]} 18. Nxd5 {[%emt 0:00:22]} Rac8 {[%emt 0:00:26]} 19. Qe2 {[%emt 0:01:45]} Nxd5 {[%emt 0:00:45]} 20. Bxd5 {[%emt 0:00:06]} Qa7 {[%emt 0:09:41]} 21. Qh5 {[%emt 0:00:59]} Bxh4 {[%emt 0:08:26]} 22. Bxf7+ {[%emt 0:00:10]} Kh8 {[%emt 0:00:07]} 23. Bxe8 {[%emt 0:00:10]} Bg5 {[%emt 0:00:53]} 24. Qf7 {[%emt 0:03:29]} Rc7 {[%emt 0:00:42]} 25. Bxd7 {[%emt 0:03:46]} Rxd7 {[%emt 0:00:09]} 26. Qd5 {[%emt 0:00:04]} Qc7 {[%emt 0:02:37]} 27. Ra3 {[%emt 0:09:26]} 1-0

[Event "35th European Club Cup 2019"]
[Site "Ulcinj"]
[Date "2019.11.16"]
[Round "7.3"]
[White "Beerdsen, Thomas"]
[Black "Vedrickas, Tautvydas"]
[Result "1-0"]
[WhiteElo "2468"]
[BlackElo "2403"]
[Annotator "ChessBase"]
[PlyCount "55"]
[EventDate "2019.11.10"]
[EventType "team-tourn"]
[EventCountry "MNE"]
[SourceTitle "playchess.com"]
[Source "ChessBase"]
[SourceQuality "1"]
[WhiteTeam "Echiquier Mosan"]
[BlackTeam "MRU-ROSK Consulting"]
[TimeControl "40/5400+30:1800+30"]

1. e4 {[%emt 0:00:00]} g6 {[%emt 0:00:00]} 2. d4 {[%emt 0:00:00]} Bg7 {[%emt 0:00:00]} 3. Nc3 {[%emt 0:00:00]} d6 {[%emt 0:00:00]} 4. f4 {[%emt 0:00:00]} Nf6 {[%emt 0:00:21]} 5. Nf3 {[%emt 0:00:00]} O-O {[%emt 0:00:31]} 6. Bd3 {[%emt 0:00:41]} c5 {[%emt 0:00:06]} 7. dxc5 {[%emt 0:08:03]} Qa5 {[%emt 0:00:30]} 8. cxd6 {[%emt 0:00:30]} exd6 {[%emt 0:00:30]} 9. O-O {[%emt 0:03:44]} Nc6 {[%emt 0:27:33]} 10. Kh1 {[%emt 0:00:30]} Bg4 {[%emt 0:00:30]} 11. Be3 {[%emt 0:00:30]} Rfe8 {[%emt 0:10:15]} 12. h3 {[%emt 0:23:02]} Qh5 {[%emt 0:09:16]} 13. Bg1 {[%emt 0:06:30]} Qh6 {[%emt 0:18:16]} 14. Qe1 {[%emt 0:06:17]} Nh5 {[%emt 0:08:16]} 15. Bh2 {[%emt 0:05:05]} Bxf3 {[%emt 0:04:26]} 16. Rxf3 {[%emt 0:00:11]} Nd4 {[%emt 0:00:52]} 17. Rf1 {[%emt 0:02:09]} Rac8 {[%emt 0:09:11]} 18. g4 {[%emt 0:07:16]} Nxf4 {[%emt 0:00:06]} 19. Rxf4 {[%emt 0:00:30]} g5 {[%emt 0:02:02]} 20. Rf1 {[%emt 0:04:32]} Qxh3 {[%emt 0:00:06]} 21. Qg3 {[%emt 0:03:53]} Qh6 {[%emt 0:00:30]} 22. Nd5 {[%emt 0:01:45]} Re6 {[%emt 0:03:39]} 23. c3 {[%emt 0:03:04]} Be5 {[%emt 0:00:47]} 24. Qg2 {[%emt 0:00:53]} Nc6 {[%emt 0:01:11]} 25. Rf3 {[%emt 0:00:43]} Bxh2 {[%emt 0:02:04]} 26. Qxh2 {[%emt 0:01:21]} Ne5 {[%emt 0:00:12]} 27. Ne7+ {[%emt 0:03:04]} Kf8 {[%emt 0:01:04]} 28. Rh3 {[%emt 0:00:05]} 1-0

[Event "35th European Club Cup 2019"]
[Site "Ulcinj"]
[Date "2019.11.16"]
[Round "7.3"]
[White "Florstedt, Johannes"]
[Black "Papp, Gabor"]
[Result "0-1"]
[WhiteElo "2352"]
[BlackElo "2589"]
[Annotator "ChessBase"]
[PlyCount "74"]
[EventDate "2019.11.10"]
[EventType "team-tourn"]
[EventCountry "MNE"]
[SourceTitle "playchess.com"]
[Source "ChessBase"]
[SourceQuality "1"]
[WhiteTeam "Berlin"]
[BlackTeam "Koge SK"]
[TimeControl "40/5400+30:1800+30"]

1. e4 {[%emt 0:00:00]} c5 {[%emt 0:00:00]} 2. Nf3 {[%emt 0:00:00]} d6 {[%emt 0:00:00]} 3. d4 {[%emt 0:00:00]} cxd4 {[%emt 0:00:00]} 4. Nxd4 {[%emt 0:00:00]} Nf6 {[%emt 0:00:00]} 5. Nc3 {[%emt 0:00:00]} a6 {[%emt 0:00:00]} 6. Bg5 {[%emt 0:00:01]} Nbd7 {[%emt 0:00:06]} 7. Bc4 {[%emt 0:00:15]} Qb6 {[%emt 0:00:06]} 8. O-O {[%emt 0:00:57]} Qc5 {[%emt 0:00:45]} 9. Bd5 {[%emt 0:00:15]} e6 {[%emt 0:00:08]} 10. Re1 {[%emt 0:00:49]} Ne5 {[%emt 0:03:21]} 11. Re3 {[%emt 0:11:51]} Neg4 {[%emt 0:10:05]} 12. Bxf6 {[%emt 0:22:14]} Nxe3 {[%emt 0:05:02]} 13. Qf3 {[%emt 0:23:10]} gxf6 {[%emt 0:14:02]} 14. Qxf6 {[%emt 0:00:52]} Rg8 {[%emt 0:04:00]} 15. fxe3 {[%emt 0:09:30]} Bg7 {[%emt 0:02:32]} 16. Qf2 {[%emt 0:00:42]} Be5 {[%emt 0:02:37]} 17. Rf1 {[%emt 0:02:22]} Qc7 {[%emt 0:00:05]} 18. h3 {[%emt 0:05:22]} Qe7 {[%emt 0:06:15]} 19. Nc6 {[%emt 0:00:44]} Qf6 {[%emt 0:08:02]} 20. Qxf6 {[%emt 0:04:39]} Bxf6 {[%emt 0:00:05]} 21. Rxf6 {[%emt 0:01:14]} exd5 {[%emt 0:10:36]} 22. Nd4 {[%emt 0:00:05]} dxe4 {[%emt 0:00:22]} 23. Nd5 {[%emt 0:02:09]} Kf8 {[%emt 0:03:30]} 24. Nb6 {[%emt 0:01:33]} Rb8 {[%emt 0:00:54]} 25. Rxd6 {[%emt 0:00:10]} Bxh3 {[%emt 0:01:10]} 26. Rh6 {[%emt 0:02:36]} Rxg2+ {[%emt 0:01:37]} 27. Kh1 {[%emt 0:00:39]} Rg6 {[%emt 0:00:04]} 28. Rxh7 {[%emt 0:00:53]} Bg2+ {[%emt 0:01:58]} 29. Kh2 {[%emt 0:00:16]} Kg8 {[%emt 0:00:05]} 30. Rh4 {[%emt 0:00:42]} Rxb6 {[%emt 0:01:21]} 31. Kxg2 {[%emt 0:00:33]} Rxb2 {[%emt 0:00:19]} 32. a4 {[%emt 0:00:38]} Re8 {[%emt 0:00:22]} 33. Kg3 {[%emt 0:00:25]} Rb1 {[%emt 0:01:22]} 34. Ne2 {[%emt 0:03:00]} Rf1 {[%emt 0:00:56]} 35. Kg4 {[%emt 0:00:20]} Re5 {[%emt 0:02:09]} 36. Ng3 {[%emt 0:00:06]} Rf3 {[%emt 0:03:09]} 37. Nh5 {[%emt 0:00:53]} f6 {[%emt 0:01:23]} 0-1

[Event "35th European Club Cup 2019"]
[Site "Ulcinj"]
[Date "2019.11.16"]
[Round "7.4"]
[White "Inarkiev, Ernesto"]
[Black "Jones, Gawain C B"]
[Result "1/2-1/2"]
[WhiteElo "2665"]
[BlackElo "2663"]
[Annotator "TA"]
[PlyCount "99"]
[EventDate "2019.11.10"]
[EventType "team-tourn"]
[EventCountry "MNE"]
[SourceTitle "playchess.com"]
[Source "ChessBase"]
[SourceQuality "1"]
[WhiteTeam "Alkaloid"]
[BlackTeam "Padova"]

{[%evp 11,99,18,27,17,31,41,35,0,33,29,30,25,26,15,19,19,34,36,58,15,66,0,4,20,66,0,43,44,57,22,45,0,0,0,0,0,0,0,0,0,0,0,0,0,9,4,16,3,56,0,0,0,0,0,0,0,0,0,0,-8,0,0,0,0,0,0,0,0,0,0,0,0,0,0,0,0,0,0,0,0,0,0,0,0,0,0,0,0,0,0]} 1. Nf3 Nf6 2. c4 c5 3. Nc3 d5 4. cxd5 Nxd5 5. e3 Nxc3 6. bxc3 g6 7. h4 {A34: Symmetrical English: 2 Nc3, lines with ...d5} Bg7 8. h5 Nc6 9. Be2 {White is slightly better.} (9. Rb1 Qc7 10. d4 Bg4 11. Qb3 b6 12. Ng5 O-O 13. hxg6 hxg6 14. Bd3 Qd6 15. Ne4 Qc7 16. Ng5 Qd6 17. Ne4 Qc7 18. Ng5 {½-½ (18) Jakovenko,D (2681)-Vachier Lagrave,M (2774) Khanty-Mansiysk 2019}) 9... Bf5 10. Qb3 O-O 11. hxg6 hxg6 $146 ({Predecessor:} 11... Bxg6 12. Ba3 b6 13. d4 {0-1 (37) Parligras,M (2657)-Pultinevicius,P (2439) Skopje 2019}) 12. Qc4 e5 13. Qxc5 Re8 14. Qb5 Rc8 15. Ba3 Re6 (15... Na5 $11) 16. Bc4 (16. Qxb7 $2 Rb8 $19) ({Better is} 16. Rd1 $14) 16... a6 $1 $11 {[%cal Ra6b5]} 17. Qd5 Qf6 $1 {aiming for ...Rd8.} 18. Nh4 (18. e4 $14 Rd8 19. Qc5 (19. exf5 Rxd5 20. fxe6 Qxe6 $17) 19... Bxe4 20. Bxe6) 18... e4 (18... Rd8 $5 {[%cal Rd8d5]} 19. Qf3 e4 $11) 19. Nxf5 gxf5 20. Qd7 {[%mdl 64] [#] Double Attack} Ree8 $1 21. Qd6 ({Worse is} 21. Qxb7 Na5 $17) 21... Qxd6 22. Bxd6 Red8 23. Bf4 Na5 $1 {[%cal Ra5c4]} ({Reject} 23... Nb4 $6 24. Bb3 $16) 24. Be2 $36 {[%mdl 2048] Threatens to win with Rb1. White is pushing.} Rxd2 {[%mdl 64] [#] Remove Defender, Decoy} 25. Kxd2 Bxc3+ {[%mdl 64] Double Attack} 26. Kd1 Bxa1 27. Rh5 Nc4 28. Rxf5 b5 29. Rd5 Bf6 (29... Nb2+ $11 30. Kd2 Nc4+ 31. Ke1 Na3) 30. Bg4 (30. Bxc4 $1 $14 bxc4 31. Kd2) 30... Nb2+ {The position is equal.} 31. Kd2 Rc3 32. Bh5 Nc4+ 33. Kd1 Rd3+ 34. Rxd3 exd3 {[%mdl 4096] Endgame KBB-KBN} 35. e4 Bc3 36. e5 a5 37. Bf3 Bxe5 38. Bxe5 Nxe5 {KB-KN} 39. Be4 Ng4 40. Ke1 d2+ 41. Kxd2 Nxf2 42. Bf3 {Strongly threatening Ke3.} f5 43. Ke3 Ne4 44. Bxe4 fxe4 45. Kxe4 {Threatening mate with Kd4. KPP-KPP} b4 46. Kd4 {Black must now prevent Kc5.} a4 $1 47. Kc4 b3 $1 {[%cal Rb3a2]} 48. axb3 axb3 {( -> ...b2)} 49. Kxb3 Kf7 50. Kc3 {Accuracy: White = 60%, Black = 64%.} 1/2-1/2